=LDR 00000nam 2200000 4500 =001 INLIS000000000012670 =005 20130612104151 =008 ***********************************Ind** =035 ##$$0010-061300000012670 =041 ##$$a Ind =082 ##$$a 615.882 =090 ##$$a 615.882, Muh a =100 ##$$a Muhammad, H. Andi =245 ##$$a Akar pinang ; Pengobatan alternatif herbal, H. Andi Muhammad =260 ##$$a 2000 $b Jakarta =300 ##$$a 138 hlm, Ilus, 21 cm =650 ##$$a Pengobatan Tradisional =850 ##$$a NBPNMAT